[Event "Julian Mazur Memorial"]
[Site "Wellington Chess Club"]
[Date "2019.08.01"]
[Round "1.3"]
[White "Dive, Russell"]
[Black "Farrington, Lawrence"]
[Result "1-0"]
[WhiteElo "2403"]
[BlackElo "1710"]

1. Nf3 Nf6 2. c4 b6 3. g3 Bb7 4. Bg2 e6 5. O-O d5 6. cxd5 exd5 7. d4 Be7 8. Nc3
O-O 9. Ne5 Nbd7 10. Qa4 Nxe5 11. dxe5 Nd7 12. Nxd5 Nc5 13. Qc4 Ba6 14. Qc2 Rc8
15. Rd1 Qe8 16. Be3 c6 17. Nxe7+ Qxe7 18. Bxc5 bxc5 19. f4 f6 20. exf6 Rxf6 21.
e4 Rd6 22. Rxd6 Qxd6 23. Rd1 Qe7 24. h4 Re8 25. e5 Bb7 26. Rd6 Kf7 27. b3 c4
28. bxc4 Rc8 29. Bh3 Re8 30. c5 Bc8 31. Bxc8 Rxc8 32. Kf2 g6 33. Kf3 Qb7 34.
Qc4+ Kf8 35. Qe6 Re8 36. Qf6+ Qf7 37. Rxc6 Qxf6 38. Rxf6+ Ke7 39. Ra6 Ra8 40.
Kg4 Kf7 41. h5 gxh5+ 42. Kxh5 Ke7 43. f5 Kd7 44. g4 Kc7 45. c6 Re8 46. e6 Kd6
47. Rxa7 Kxc6 48. Rxh7 1-0

[Event "Julian Mazur Memorial"]
[Site "Wellington Chess Club"]
[Date "2019.08.01"]
[Round "1.4"]
[White "Webster, Jamie"]
[Black "Nijman, Brian"]
[Result "1-0"]
[WhiteElo "1689"]
[BlackElo "2203"]

1. e4 c6 2. d4 d5 3. e5 c5 4. dxc5 e6 5. Nf3 Bxc5 6. b3 Ne7 7. Bb2 Qb6 8. Qd2
Bd7 9. Bd3 a5 10. O-O a4 11. Qf4 Qb4 12. Bd4 Bxd4 13. Qxd4 Nbc6 14. Qxb4 Nxb4
15. Nc3 Nxd3 16. cxd3 a3 17. Nd4 Ng6 18. Ncb5 Ke7 19. f4 Rhc8 20. g3 Bxb5 21.
Nxb5 Ra5 22. Nd6 Rc2 23. d4 Rc7 24. Rac1 Rd7 25. Rc2 Ra8 26. Rfc1 f6 27. Rc7
Rd8 28. Nxb7 Rb8 29. Nd6 Nf8 30. Kf2 fxe5 31. fxe5 Rxc7 32. Rxc7+ Nd7 33. Ke3
Kd8 34. Ra7 h5 35. Rxa3 Kc7 36. Kf4 h4 37. Kg4 hxg3 38. hxg3 Rf8 39. Ra7+ Kc6
40. b4 Rc8 41. Kg5 Nf8 42. a4 Kb6 43. Rb7+ Ka6 44. Rxg7 Rb8 45. Rf7 Rd8 46. Kf6
Nd7+ 47. Ke7 Rb8 48. Kxd7 Rxb4 49. Rf4 1-0

[Event "Julian Mazur Memorial"]
[Site "Wellington Chess Club"]
[Date "2019.08.01"]
[Round "1.5"]
[White "Winter, Ryan"]
[Black "Dixon, Hamish"]
[Result "1-0"]
[WhiteElo "2086"]
[BlackElo "1676"]

1. e4 c5 2. Nf3 Nc6 3. Nc3 d6 4. d4 cxd4 5. Nxd4 Nf6 6. Bg5 e6 7. Qd2 Be7 8.
O-O-O a6 9. f3 h6 10. Be3 Qc7 11. Kb1 b5 12. g4 Bb7 13. h4 O-O-O 14. Bd3 Ne5
15. g5 hxg5 16. hxg5 Nfd7 17. Rhg1 Nc4 18. Bxc4 Qxc4 19. g6 e5 20. Nf5 Bf8 21.
gxf7 Qxf7 22. Rxg7 Qf6 23. Rgg1 Qe6 24. Qf2 Nf6 25. Bb6 Rd7 26. Ne3 d5 27.
Nexd5 Nxd5 28. exd5 Bxd5 29. Nxd5 Rxd5 30. Rxd5 Qxd5 31. Qe2 Bc5 32. Rd1 Qc6
33. Qxe5 Re8 34. Qxc5 1-0

[Event "Julian Mazur Memorial"]
[Site "Wellington Chess Club"]
[Date "2019.08.01"]
[Round "1.6"]
[White "Ashe, Michael"]
[Black "Pomeroy, Arthur"]
[Result "1/2-1/2"]
[WhiteElo "1659"]
[BlackElo "2075"]

1. d4 Nf6 2. c4 g6 3. Nc3 Bg7 4. e4 d6 5. h3 O-O 6. Bg5 h6 7. Be3 e5 8. d5 c6
9. Nf3 cxd5 10. cxd5 Na6 11. Be2 Nc5 12. Qc2 Ne8 13. g4 f5 14. gxf5 gxf5 15.
Bxc5 dxc5 16. O-O-O a6 17. Rhg1 b5 18. Nxe5 b4 19. Na4 fxe4 20. Nxc5 Qf6 21.
Ng4 Bxg4 22. Bxg4 Nd6 23. Kb1 Qxf2 1/2-1/2

[Event "Julian Mazur Memorial"]
[Site "Wellington Chess Club"]
[Date "2019.08.01"]
[Round "1.7"]
[White "Stone, Andrew"]
[Black "Stracy, Don"]
[Result "1-0"]
[WhiteElo "2066"]
[BlackElo "1612"]

1. e4 c5 2. d4 cxd4 3. c3 dxc3 4. Nxc3 a6 5. Nf3 e6 6. Bc4 b5 7. Bb3 d6 8. O-O
Nf6 9. Qe2 Nbd7 10. Rd1 Be7 11. e5 dxe5 12. Nxe5 O-O 13. Nc6 Qe8 14. Nxe7+ Qxe7
15. Nd5 Nxd5 16. Bxd5 Ra7 17. Bf4 Re8 18. Bc6 Rd8 19. Bd6 Qf6 20. Qe3 Bb7 21.
Qxa7 Bxc6 22. Qxa6 Bd5 23. Qxb5 Qg5 24. Bg3 Ne5 25. f4 Qf5 26. fxe5 Qc2 27. Qf1
Rb8 28. b3 Ra8 29. Qf2 Qc3 30. Rf1 1-0

[Event "Julian Mazur Memorial"]
[Site "Wellington Chess Club"]
[Date "2019.08.01"]
[Round "1.8"]
[White "Kibblewhite, Daniel"]
[Black "Forster, Bill"]
[Result "0-1"]
[WhiteElo "1523"]
[BlackElo "2018"]

{A lucky win against Daniel Kibblewhite who I often seem to get in the first
round. He always gives me trouble, and indeed totally demolished me last time
out. This was not really convincing revenge.} 1. d4 d6 2. e4 Nf6 3. Nc3 c6 4.
Nf3 Qa5 {This is the main move after 4.f4 but here it is bad and Black should
prefer the officially endorsed plan of ...Bg4, followed by ...e6 and ...d5 with
a French a tempo down but with the bad bishop problem solved. But for some
reason I keep playing this pet move instead. The main point is that Black
threatens Nxe4 and White sometimes doesn't notice. In a blitz game anyway!} 5.
Bd2 Nbd7 ( {I've previously played} 5... Qc7 {aiming for a Philidor a tempo
down but with the hope that Bd2 is a semi-wasted tempo for White too. I think
this is better - take your punishment and play sideways onto the fairway (I'm
talking about golf for those of you who never go outside or tune to Sky Sports
3). Leaving the Queen on a5 just gives White the opportunity to play Nd5 and
force it to d8 whenever he wants. Against Nigel Short in a simul in the
analagous line after 4.f4 (I don't think I'd be cheeky enough to play this
against Nigel after 4.Nf3) Nigel played Bd2 and then Nd5 and after my ...Qd8 I
so disliked recapturing on f6 with my Queen (spoiler alert - that happens in
this game) I played gxf6. Nigel was staying with Maria and I and later he
laughed and laughed at my stupidity. "When I saw gxf6 I mentally chalked up the
win immediately" he said} ) 6. Bd3 (6. Bc4 {is more to the point} ) 6... e5 7.
Nd5 Qd8 8. Nxf6+ Qxf6 9. Bg5 Qg6 {You know you're in trouble when you are
considering ...Be7 next relying on recapturing on e7 with your King in a
position that isn't completely closed} 10. Qd2 $2 {But White helps me out, this
is unwise because it leaves both g2 and f3 unprotected although...} 10... f6
{....I didn't even notice until after I had played this move...} 11. Be3 Qxg2
{...and even then I somehow imagined I was winning a piece! I can be such a
patz} 12. Ke2 $1 {This obvious and forced move, indeed a standard saving
pattern, was somehow an unpleasant surprise. Now that I realised I was just
winning a pawn I had serious doubts whether sending my Queen on this errand
when so gravely undeveloped was at all wise. By pure luck I am okay, because
the Ke2 is a bit vulnerable itself. If White had been able to castle queen side
it would have been a quite different story.} 12... exd4 13. Nxd4 Ne5 14. Rag1
Bg4+ 15. Ke1 Nf3+ 16. Nxf3 Qxf3 17. Be2 {This is a little too cooperative,
White should try and keep the pieces on and make something of Black's still
retarded development. Instead we just get a pawn up ending for Black} 17...
Qxe2+ 18. Qxe2 Bxe2 19. Kxe2 Kf7 20. Rg3 Re8 21. Bxa7 {I was also happy to see
this move} 21... Rxe4+ 22. Re3 Ra4 23. Ra3 Rxa3 24. bxa3 {To be honest I
thought this was lights out, White is a pawn down and all his pawns are
isolated and/or doubled. But I didn't notice that White gets an important open
line to compensate for the horribly shattered pawns} 24... d5 $2 {I thought
this forced the win of a second pawn}  (24... Be7 {is better} ) 25. a4 Bd6 26.
Rb1 {Of course. The Rook gets into the game with tempo and b7 is a significant
weakness since if it falls the White rook will be so active} 26... Re8+ {Again
I was lucky to have this} 27. Kf3 Re7 ( {After} 27... Bxh2 28. Rxb7+ Re7 29.
Rxe7+ Kxe7 30. a5 Kd7 31. a6 Kc8 {I wasn't sure Black could win as my King is
effectively sidelined forever. But maybe I can advance both my majorities and
overstretch White's king. The computer seems confident enough} ) 28. h3 Ke8 29.
a5 Kd8 30. Bb6+ Kc8 {The plan is now to activate my Rook and eat the weak
pawns} 31. Rb3 Re4 32. Re3 {White prevents my plan but the Bishop and pawns
endings are won for Black} 32... f5 33. Ke2 g6 34. f3 Rxe3+ 35. Kxe3 {I was
hoping for this because now I can force a pawn up King and pawn ending} 35...
Bc7 36. a4 $2 {This looks wrong is wrong}  (36. Kd4 $1 Bxb6+ $4 {(definitely
what I intended)} 37. axb6 {and White's superior king position apparently means
he is no worse and may even be winning!} ) 36... Bxb6+ {One tempo makes all the
difference in a King and Pawn ending, Black is now definitely winning} 37. axb6
c5 38. f4 Kd7 39. Kd3 Kc6 40. c4 $1 {Good try} 40... dxc4+ ( {not} 40... d4 $4
41. a5 {with a dead draw} ) 41. Kxc4 Kxb6 42. h4 Ka5 43. Kxc5 Kxa4 44. Kb6 Kb4
45. Kxb7 Kc5 46. Kc7 Kd5 47. Kd7 Ke4 48. Ke6 Kxf4 49. Kf6 Kg4 50. Kg7 Kxh4 0-1

[Event "Julian Mazur Memorial"]
[Site "Wellington Chess Club"]
[Date "2019.08.01"]
[Round "1.9"]
[White "Tanoi, Edward"]
[Black "Darr, Samuel"]
[Result "0-1"]
[WhiteElo "2013"]
[BlackElo "1520"]

1. e4 e6 2. d4 d5 3. Nc3 Nf6 4. e5 Nfd7 5. Nf3 c5 6. Be3 Qb6 7. Bd3 Qxb2 8. Na4
Qb4+ 9. c3 Qa5 10. O-O c4 11. Be2 b5 12. Nc5 Nxc5 13. dxc5 Qxc3 14. a4 Qa5 15.
axb5 Qxb5 16. Qd4 Nc6 17. Qg4 Qb2 $1 18. Bxc4 $2 {Enterprising but unnecessary
and more an  act of desperation.} 18... dxc4 19. Qxc4 Qb4 20. Qc2 a5 $2
{logical but handing the initiative  back to White. With only one developed
piece it's a stretch to think promoting this  pawn is a winning plan.} 21. Ra4
(21. Rfb1 {is probably better.} 21... Qg4 22. Rb6 Bd7 23. Rd1 Be7 24. Rxd7 Kxd7
25. h3 Qg6 26. Rb7+ Ke8 27. Qa4 $11) 21... Qb5 22. Rb1 Nb4 $2 (22... Qa6 {isn't
really any better} ) 23. Rbxb4 $18 Qxb4 24. Rxb4 axb4 25. h3 Ra1+ 26. Kh2 Be7
27. Qb2 Rd1 28. Qc2 Rd5 29. Qa4+ Bd7 30. c6 Bc8 31. c7+ Rd7 32. Nd4 O-O 33. Qc6
Kh8 34. f4 h6 35. Nb3 $4 {the final losing move after a roller coaster  game.
It would be churlish to suggest my young opponent got lucky and caught me  on a
bad day. Truth was, I was generally outplayed and deserved to lose.} 35... Rd3
$1 {Black seizes the opportunity after White's passive and unnecessary knight
retreat  to break out of the bind and create havoc on the defenceless white
king. The game  is as good as over and I admired the way Samuel used his pieces
efficiently and  effectively.} 36. Bc5 Bh4 37. g3 Bxg3+ 38. Kg2 Rg8 39. Nd4
Bxf4 40. Nf3 Rc3 41. Qb5 b3 42. Nd4 Ba6 43. Qxa6 Rxc5 44. Nxb3 Rxc7 45. Qd6
Rgc8 46. Nd4 Rc5 47. Ne2 Bxe5 48. Qe7 R8c7 49. Qd8+ Kh7 50. h4 Bf6 51. Qd3+ g6
52. h5 Rxh5 53. Qf3 Be5 54. Kg1 Rd7 55. Qf1 f6 56. Nf4 Bd4+ 57. Kg2 Rg5+ 58.
Kh3 Rf5 59. Qc1 Be5 60. Qc6 Rc7 61. Qxe6 Rxf4 62. Kg2 h5 63. Kh1 Rf2 64. Kg1
Rh2 0-1

[Event "Julian Mazur Memorial"]
[Site "Wellington Chess Club"]
[Date "2019.08.01"]
[Round "1.10"]
[White "Cooke, Xandi"]
[Black "Sole, Michael"]
[Result "0-1"]
[WhiteElo "1506"]
[BlackElo "2009"]

1. d4 Nf6 2. c4 e6 3. Nc3 Bb4 4. Bd2 O-O 5. a3 Bxc3 6. Bxc3 d5 7. e3 b6 8. Bd3
Bb7 9. Nf3 Nbd7 10. O-O c5 11. Qc2 Rc8 12. b3 Re8 13. Rfe1 a6 14. a4 a5 15. h3
h6 16. Rac1 Ba6 17. e4 cxd4 18. Bxd4 e5 19. Bb2 d4 20. Qd2 Nc5 21. Qd1 Bb7 22.
Ba3 Nfd7 23. b4 axb4 24. Bxb4 Ra8 25. Ra1 Bc6 26. Bc2 Nf6 27. Bxc5 bxc5 28. Qd2
Qa5 29. Qxa5 Rxa5 30. Reb1 Nd7 31. Nh4 g6 32. g4 Rea8 33. f3 Kf8 34. Kg2 R5a6
35. Kg3 Nb6 36. Ng2 Ke7 37. f4 f6 38. h4 Nxa4 39. f5 g5 40. hxg5 hxg5 41. Kf3
Nc3 42. Rxa6 Rxa6 43. Rb3 Ra2 44. Bb1 Nxb1 45. Rxb1 Ra3+ 46. Kf2 Bxe4 0-1

[Event "Julian Mazur Memorial"]
[Site "Wellington Chess Club"]
[Date "2019.08.01"]
[Round "1.11"]
[White "Chen, Wei Kai"]
[Black "Stannard, Bobby"]
[Result "1/2-1/2"]
[WhiteElo "1968"]
[BlackElo "1461"]

1. e4 e6 2. d4 d5 3. Nd2 c5 4. c3 a6 5. Ngf3 Nc6 6. e5 Nh6 7. Bd3 Nf5 8. Nf1
Bd7 9. Ne3 Qb6 10. Bxf5 exf5 11. Nxd5 Qa5 12. O-O cxd4 13. c4 Be6 14. Qb3 b5
15. Bd2 b4 16. a3 Bxd5 17. cxd5 Ne7 18. d6 Nc6 19. d7+ Kxd7 20. Qxf7+ Ne7 21.
Bxb4 Qd5 22. Qxd5+ Nxd5 23. Bxf8 Rhxf8 24. Nxd4 Rab8 25. e6+ Kd6 26. b4 g6 27.
Rac1 Rbc8 28. Nb3 Nc3 29. Nc5 Ne2+ 30. Kh1 Nxc1 31. Rxc1 a5 32. Rd1+ Kc6 33. g3
axb4 34. axb4 Rfd8 35. Nd7 Kb5 36. Re1 Re8 37. Re5+ Kc6 38. Nf6 Kd6 39. Rc5
Red8 40. Nxh7 Rxc5 41. bxc5+ Kxc5 42. Ng5 Re8 43. Kg2 Kd6 44. Kf3 Ke5 45. Ke3
Kf6 46. f4 Rd8 47. Ke2 Rb8 48. Ke3 Rb4 49. h3 Rb3+ 50. Kf2 Rd3 1/2-1/2

[Event "Julian Mazur Memorial"]
[Site "Wellington Chess Club"]
[Date "2019.08.01"]
[Round "1.12"]
[White "Carroll, Lewis"]
[Black "Laking, Robert"]
[Result "1-0"]
[WhiteElo "1442"]
[BlackElo "1965"]

1. e4 c5 2. Nf3 Nc6 3. d4 cxd4 4. Nxd4 Qc7 5. Nc3 e6 6. Be3 Nf6 7. Qd2 Bb4 8.
a3 Nxe4 9. Ndb5 Qa5 10. Qd3 d5 11. Bd4 e5 12. Bxe5 Nxe5 13. Qxd5 Nf3+ 14. gxf3
Nxc3 15. Qe5+ Be6 16. bxc3 Bxc3+ 17. Qxc3 Qxc3+ 18. Nxc3 Rc8 19. Bb5+ Ke7 20.
Ne4 Rxc2 21. O-O Rhc8 22. Ba4 R2c4 23. Bb3 Rxe4 24. fxe4 Bxb3 25. Rab1 Rc3 26.
Rfc1 Rxc1+ 27. Rxc1 a5 28. Rc7+ Kd6 29. Rxb7 a4 30. Kf1 Ke5 31. f3 Kd4 32. Ke2
Kc3 33. Ke3 Kb2 34. Kd3 Kxa3 35. Kc3 Ka2 36. e5 g5 37. Rb4 h5 38. h3 Be6 39.
Rxa4+ Kb1 40. Rb4+ Kc1 41. Re4 Kd1 42. f4 g4 43. hxg4 Bxg4 44. Rd4+ Ke2 45. Rd6
Be6 46. Kd4 h4 47. Ke4 h3 48. Rd8 Bg4 49. f5 h2 50. Rh8 h1=Q+ 51. Rxh1 Bf3+ 52.
Kd4 Bxh1 53. e6 fxe6 54. f6 1-0

[Event "Julian Mazur Memorial"]
[Site "Wellington Chess Club"]
[Date "2019.08.01"]
[Round "1.13"]
[White "Jackson, Ross"]
[Black "Stannard, Lars"]
[Result "1-0"]
[WhiteElo "1961"]
[BlackElo "1408"]

1. d4 d5 2. c4 c6 3. Nf3 Nf6 4. Nc3 e6 5. e3 Bb4 6. Bd3 O-O 7. O-O dxc4 8. Bxc4
Nbd7 9. Qe2 b5 10. Bd3 Nb6 11. e4 Bxc3 12. bxc3 a5 13. Bg5 h6 14. Bh4 g5 15.
Nxg5 Qc7 16. Nh3 Nh7 17. Qh5 f5 18. exf5 exf5 19. Qxh6 Rf7 20. Rfe1 Bb7 21.
Bxf5 Rxf5 22. Re7 Qxe7 23. Bxe7 Rf7 24. Re1 Re8 25. Qg6+ Rg7 26. Qxe8+ 1-0

[Event "Julian Mazur Memorial"]
[Site "Wellington Chess Club"]
[Date "2019.08.01"]
[Round "1.14"]
[White "Theodosiou, Andreas"]
[Black "Lyall, Gordon"]
[Result "0-1"]
[WhiteElo "1328"]
[BlackElo "1945"]

1. e4 c6 2. Nf3 d5 3. d3 dxe4 4. dxe4 Qxd1+ 5. Kxd1 Bg4 6. Be2 Nd7 7. Be3 O-O-O
8. Kc1 Bxf3 9. Bxf3 e5 10. Bg4 Nf6 11. Bf5 g6 12. Bxd7+ Nxd7 13. Nc3 Bc5 14.
Bg5 f6 15. Bh4 g5 16. Bg3 h5 17. f3 Be3+ 18. Kb1 Nb6 19. b3 Rd2 20. Re1 Bd4 21.
Kb2 h4 22. Bxe5 Bxe5 23. Rad1 Rhd8 0-1

[Event "Julian Mazur Memorial"]
[Site "Wellington Chess Club"]
[Date "2019.08.01"]
[Round "1.15"]
[White "Aldridge, Alan"]
[Black "Osborne, Geoff"]
[Result "1-0"]
[WhiteElo "1927"]
[BlackElo "1264"]

1. d4 d5 2. c4 Nf6 3. Nc3 c6 4. Nf3 Bg4 5. e3 e6 6. cxd5 exd5 7. Be2 Bd6 8. O-O
O-O 9. h3 Bf5 10. a3 Qd7 11. b4 Qe6 12. Bb2 Nbd7 13. b5 Rfe8 14. Rc1 Nf8 15.
bxc6 bxc6 16. Na4 Rac8 17. Nc5 Qe7 18. a4 Ne4 19. Nd3 Ng6 20. Nde5 Nh4 21. Nxc6
Nxf3+ 22. Bxf3 Qh4 23. Ne5 Bxh3 24. Bxe4 Qg5 25. Bxd5 Be6 26. Bxe6 fxe6 27. Qg4
Qh6 28. Rxc8 Rxc8 29. Rc1 Re8 30. Qf4 Qh5 31. g4 Bxe5 32. gxh5 Bxf4 33. exf4
Rf8 34. Rc6 Rxf4 35. Rxe6 Kf7 36. Ra6 Rh4 37. Rxa7+ Kg8 38. Ra5 Kf7 39. Re5 Kf6
40. Kg2 g6 41. hxg6 Kxg6 42. a5 Kf6 43. a6 Rg4+ 44. Kf3 Rg8 45. d5 Kg6 46. a7
1-0

[Event "Julian Mazur Memorial"]
[Site "Wellington Chess Club"]
[Date "2019.08.01"]
[Round "1.16"]
[White "Ackroyd, William"]
[Black "He, Caleb"]
[Result "0-1"]
[WhiteElo "1258"]
[BlackElo "1914"]

1. e4 c5 2. Nf3 Nc6 3. Nc3 g6 4. d4 cxd4 5. Nxd4 Bg7 6. Be3 Nf6 7. f3 O-O 8. g4
Qb6 9. Na4 Qa5+ 10. c3 e5 11. Nxc6 dxc6 12. Nc5 Rd8 13. Qa4 Qxa4 14. Nxa4 b6
15. Be2 Be6 16. b3 Ne8 17. Kf2 Rd6 18. Rad1 Rad8 19. Rxd6 Nxd6 20. g5 f5 21.
gxf6 Bxf6 22. Rd1 Be7 23. Nb2 c5 24. c4 Nb7 25. Rxd8+ Nxd8 26. Kg3 g5 27. Bf1
Nc6 28. Bh3 Bxh3 29. Kxh3 h5 30. a3 Kf7 31. Kg3 Ke6 32. Nd3 Kf7 33. Nc1 Ke6 34.
Ne2 Nd4 35. Nc1 Nc2 36. Bd2 Nxa3 37. Na2 Nc2 38. Bc3 Nd4 39. b4 Ne2+ 40. Kg2
Nxc3 41. Nxc3 cxb4 42. Nb1 Kd6 43. Kf1 Kc5 44. Nd2 Kd4 45. Ke2 Kc3 46. Kd1 b3
0-1

[Event "Julian Mazur Memorial"]
[Site "Wellington Chess Club"]
[Date "2019.08.01"]
[Round "1.17"]
[White "Winfield, Alan"]
[Black "Dunlop, Rafe"]
[Result "1/2-1/2"]
[WhiteElo "1903"]
[BlackElo "1234"]

1. d4 d5 2. Bf4 Nc6 3. e3 Nf6 4. c3 e6 5. Bd3 h6 6. Nf3 Bd6 7. Bg3 O-O 8. Nbd2
a6 9. Ne5 Bxe5 10. dxe5 Nd7 11. Nf3 Nc5 12. Bc2 Ne7 13. Qd4 Nd7 14. Qd3 Nf5 15.
b4 c5 16. Rd1 c4 17. Qe2 Nxg3 18. hxg3 Qc7 19. e4 Nxe5 20. exd5 Nxf3+ 21. Qxf3
exd5 22. O-O Be6 23. Qe3 Rfe8 24. Qd4 Rad8 25. Rde1 Qd7 26. Qf4 g6 27. Qxh6 Bf5
28. Bxf5 Qxf5 29. Qd2 Kg7 30. Rxe8 Rxe8 31. Rd1 Rd8 32. Qd4+ Qf6 33. g4 Qxd4
34. Rxd4 Kf6 35. f4 Ke6 36. Kf2 Kd6 37. a4 Rh8 38. Rd1 Re8 1/2-1/2

[Event "Julian Mazur Memorial"]
[Site "Wellington Chess Club"]
[Date "2019.08.01"]
[Round "1.18"]
[White "Ebarle, Joshua"]
[Black "Rossiter, Philip"]
[Result "0-1"]
[WhiteElo "1200"]
[BlackElo "1886"]

1. e4 d5 2. d4 e6 3. Nc3 Nf6 4. Bg5 Bb4 5. e5 h6 6. exf6 hxg5 7. fxg7 Rg8 8.
Bd3 Nc6 9. Qh5 Qf6 10. Ne2 Bd7 11. a3 Bxc3+ 12. bxc3 O-O-O 13. Nc1 Qxg7 14. Qe2
e5 15. O-O Rh8 16. Ba6 Qh6 17. Bxb7+ Kxb7 18. Qb5+ Ka8 19. f3 Qxh2+ 20. Kf2
Qh4+ 21. Kg1 exd4 22. Nd3 dxc3 23. Qxd5 Qd4+ 24. Qxd4 Nxd4 25. Nc5 Bb5 26. Rfb1
Rb8 27. a4 Nxc2 28. Ra2 Nd4 29. Kf2 Bc4 30. Rxb8+ Rxb8 0-1

[Event "Julian Mazur Memorial"]
[Site "Wellington Chess Club"]
[Date "2019.08.01"]
[Round "1.19"]
[White "He, Paul"]
[Black "Sripathy, Boopathy"]
[Result "1-0"]
[WhiteElo "1885"]
[BlackElo "1200"]

1. c4 e5 2. g3 d6 3. Bg2 Nc6 4. e3 Nf6 5. Ne2 Be7 6. O-O Be6 7. Qa4 Qd7 8. d4
exd4 9. exd4 d5 10. Nbc3 dxc4 11. d5 Nxd5 12. Bxd5 Bxd5 13. Rd1 Nb4 14. Qxd7+
Kxd7 15. Nxd5 Nxd5 16. Rxd5+ Kc6 17. Rd1 f5 18. Nd4+ Kb6 19. Be3 c5 20. Nxf5
Bf6 21. Nd6 Bxb2 22. Nxc4+ 1-0

[Event "Julian Mazur Memorial"]
[Site "Wellington Chess Club"]
[Date "2019.08.01"]
[Round "1.20"]
[White "Asher, Bruce"]
[Black "Ross, Matt"]
[Result "0-1"]
[WhiteElo "1178"]
[BlackElo "1867"]

1. e4 c5 2. c4 d6 3. Nf3 Nf6 4. Nc3 Nc6 5. d3 g6 6. Bg5 Bg7 7. g3 Ng4 8. h3
Nge5 9. Bg2 Qa5 10. O-O Nxf3+ 11. Qxf3 Bxc3 12. bxc3 Qxc3 13. Qe3 Ne5 14. Rad1
Bd7 15. f4 Nxc4 16. Qc1 Qxc1 17. Rxc1 Ne3 18. Rf2 Nxg2 19. Kxg2 h6 20. Bh4 g5
21. fxg5 Bxh3+ 22. Kxh3 hxg5 23. Rf5 f6 24. Kg4 gxh4 25. gxh4 Kd7 26. Re1 Rag8+
27. Kh3 Rg5 28. Rf4 b5 29. Rf5 a5 30. Rc1 b4 31. Rb1 Ke6 32. Rxg5 fxg5 33. Rg1
gxh4 34. Rg6+ Ke5 35. Rg7 Kd4 36. Rxe7 a4 37. Rd7 b3 38. Rxd6+ Kc3 39. a3 b2
40. Rb6 Kc2 41. Rc6 b1=Q 42. Rxc5+ Kxd3 43. Rd5+ Kxe4 44. Rg5 Qf1+ 45. Rg2 Kf3
0-1

[Event "Julian Mazur Memorial"]
[Site "Wellington Chess Club"]
[Date "2019.08.01"]
[Round "1.21"]
[White "Brockway, Andrew"]
[Black "Mulheron, Oscar"]
[Result "1-0"]
[WhiteElo "1836"]
[BlackElo "1000"]

1. e4 Nc6 2. Nf3 e5 3. Bb5 a6 4. Bxc6 Bc5 5. Bd5 Qf6 6. O-O c6 7. Bb3 d5 8.
exd5 Qg6 9. Nxe5 Qd6 10. Qe1 Ne7 11. dxc6 O-O 12. c3 Nxc6 13. Nxc6 bxc6 14. d4
Ba7 15. Qe5 Qg6 16. Qg3 Bg4 17. Be3 Bb8 18. Bf4 Ba7 19. h3 Qe4 20. Qxg4 g6 21.
Bh6 Qd3 22. Bxf8 Kxf8 23. Qf3 Qb5 24. Qxf7# 1-0

[Event "Julian Mazur Memorial"]
[Site "Wellington Chess Club"]
[Date "2019.08.01"]
[Round "1.22"]
[White "Shepherd, Blake"]
[Black "Nicholls, Alistair"]
[Result "1-0"]
[WhiteElo "1000"]
[BlackElo "1844"]

1. d4 d5 2. c4 e5 3. dxe5 d4 4. Nf3 Nc6 5. e3 Bb4+ 6. Bd2 dxe3 7. fxe3 Qe7 8.
Nc3 Nxe5 9. Nxe5 Bxc3 10. Bxc3 Qh4+ 11. g3 Qe4 12. Qf3 Nf6 13. Bd3 Qxf3 14.
Nxf3 O-O 15. Bxf6 gxf6 16. O-O Bh3 17. Rfd1 Rfe8 18. Kf2 Re7 19. Nh4 Re5 20.
Kf3 Bd7 21. Bxh7+ Kxh7 22. Rxd7 1-0

[Event "Julian Mazur Memorial"]
[Site "Wellington Chess Club"]
[Date "2019.08.01"]
[Round "1.23"]
[White "Mullan, Brett"]
[Black "Singh, Amrit"]
[Result "1-0"]
[WhiteElo "1825"]
[BlackElo "1000"]

1. b3 b6 2. Bb2 Bb7 3. Nf3 e6 4. d4 Nf6 5. Nbd2 Bb4 6. c3 Be7 7. Qc2 c5 8. e3
Qc7 9. Be2 d6 10. O-O Nbd7 11. Rac1 d5 12. c4 Rc8 13. h3 O-O 14. Rfe1 Qd6 15.
Bd3 Ne4 16. Nxe4 dxe4 17. Bxe4 Bxe4 18. Qxe4 f5 19. Qc2 Bf6 20. Red1 Qe7 21.
Rd2 Rfe8 22. Rcd1 Rcd8 23. a3 a5 24. Ne5 Rc8 25. Nxd7 Qxd7 26. dxc5 Qe7 27.
cxb6 Bxb2 28. Qxb2 Rcd8 29. Rxd8 Rxd8 30. Rxd8+ Qxd8 31. c5 Kf7 32. Qd4 Qe8 33.
b4 axb4 34. axb4 Qb5 35. f3 g6 36. e4 Qc6 37. exf5 gxf5 38. Qc4 h5 39. b5 Qb7
40. Qh4 Kg6 41. Qg3+ Kf6 42. Qc7 Qd5 43. b7 f4 44. Qxf4+ Ke7 45. b8=Q Qxc5+ 46.
Kh2 1-0

[Event "Julian Mazur Memorial"]
[Site "Wellington Chess Club"]
[Date "2019.08.08"]
[Round "2.1"]
[White "Croad, Nicolas"]
[Black "Aldridge, Alan"]
[Result "1-0"]
[WhiteElo "2442"]
[BlackElo "1922"]

1. d4 Nf6 2. c4 e6 3. Nf3 b6 4. g3 Bb7 5. Bg2 Bb4+ 6. Nbd2 O-O 7. O-O d5 8. Ne5
Nbd7 9. cxd5 exd5 10. Ndf3 Ne4 11. Qc2 Re8 12. Nc6 Bxc6 13. Qxc6 Ndf6 14. Ng5
Qd7 15. Qxd7 Nxd7 16. Nxe4 dxe4 17. Bf4 Bd6 18. Rac1 Nf6 19. Bxd6 cxd6 20. Rc6
d5 21. Rfc1 h6 22. e3 Kf8 23. Bf1 Re7 24. Bb5 Rd8 25. Rc8 Rxc8 26. Rxc8+ Ne8
27. Bc6 f5 28. Bxd5 Rc7 29. Ra8 Ke7 30. Bb3 b5 31. Kg2 Nf6 32. Rb8 a6 33. Ra8
Rc6 34. Ra7+ Nd7 35. Bd5 Rb6 36. Bb7 1-0